| 000 | 00327nam a22001337a 4500 | ||
|---|---|---|---|
| 020 | _a9789697089345 | ||
| 040 | _cNUST | ||
| 082 | _a891.4393 NAS | ||
| 100 |
_aNaseem Hijazi _988553 |
||
| 245 | _aYousaf Bin Tashfeen | ||
| 260 |
_aLAHORE: _b Jahangir Book Depot, _c2020. |
||
| 650 |
_aUrdu Adab-Novel _989513 |
||
| 942 |
_2ddc _cBK |
||
| 999 |
_c587678 _d587678 |
||